000
00307nam a2200133Ia 4500
005
20251222144629.0
008
251222s9999||||xx |||||||||||||| ||spa||
082
_a
808.882/B45
100
_a
Bergson, Enrique
245
0
_a
La Risa
250
_a
1ra.ed.
264
_b
Ediciones Prometeo, S.L.
942
_c
LIB
999
_c
16243
_d
16243